Piloti Vincitori dei Gran Premi di Formula 1 2022 - Statistics

Statistiche generali
  • Questo quiz è stato fatto 82 volte
  • Il punteggio medio è 22 su 22
Statistiche sulle risposte
Gran Premio Vincitore % Corretto
Gran Premio d'Arabia Saudita Max Verstappen
100%
Gran Premio dell'Emilia-Romagna Max Verstappen
100%
Gran Premio di Miami Max Verstappen
100%
Gran Premio di Spagna Max Verstappen
100%
Gran Premio d'Azerbaigian Max Verstappen
100%
Gran Premio del Canada Max Verstappen
100%
Gran Premio di Francia Max Verstappen
100%
Gran Premio d'Ungheria Max Verstappen
100%
Gran Premio del Belgio Max Verstappen
100%
Gran Premio d'Olanda Max Verstappen
100%
Gran Premio d'Italia Max Verstappen
100%
Gran Premio del Giappone Max Verstappen
100%
Gran Premio degli Stati Uniti Max Verstappen
100%
Gran Premio di Città del Messico Max Verstappen
100%
Gran Premio di Abu Dhabi Max Verstappen
100%
Gran Premio di Gran Bretagna Carlos Sainz
99%
Gran Premio del Bahrein Charles Leclerc
97%
Gran Premio d'Australia Charles Leclerc
97%
Gran Premio d'Austria Charles Leclerc
97%
Gran Premio di Monaco Sergio Pérez
96%
Gran Premio di Singapore Sergio Pérez
96%
Gran Premio di San Paolo George Russell
84%
Nessun quiz corrispondente trovato
Distribuzione punteggi
Percentuale di utenti per punteggio
Percentile per numero di risposta
I tuoi punteggi nel tempo
Non hai fatto questo quiz